[Event "WLS-ch Seniors 2nd"]
[Site "Cardiff "]
[Date "2016.09.20"]
[Round "4"]
[White "Zavanelli, Max E"]
[Black "Heaven, Peter"]
[Result "0-1"]
[WhiteElo "1897"]
[BlackElo "2015"]
[PlyCount "88"]
[EventDate "2016.09.17"]
[EventType "tourn"]
[EventRounds "9"]
[EventCountry "WLS"]
[SourceTitle "CBM 174 Extra"]
[Source "ChessBase"]
[SourceDate "2016.10.10"]
[SourceVersion "1"]
[SourceVersionDate "2016.10.10"]
[SourceQuality "1"]

1. e4 e6 2. d4 d5 3. Nc3 Nf6 4. e5 Nfd7 5. Qg4 c5 6. Nf3 cxd4 7. Nb5 Nc6 8. Bf4 h5 9. Qg3 h4 10. Qg4 Qa5+ 11. Bd2 Qb6 12. Nd6+ Ke7 13. Nxf7 Kxf7 14. Ng5+ Ke8 15. Qxe6+ Kd8 16. Qxd5 Nb4 17. Qe4 Qc6 18. Qxc6 bxc6 19. Ne6+ Ke8 20. Nxd4 Nxe5 21. f4 Ng4 22. c3 Bc5 23. cxb4 Bxd4 24. Bc3 Bxc3+ 25. bxc3 Ne3 26. Kd2 Nxf1+ 27. Rhxf1 Bf5 28. Rae1+ Kf7 29. Re5 Rad8+ 30. Kc1 g6 31. Rf2 Rhe8 32. Rfe2 Rxe5 33. Rxe5 Rd5 34. Re2 Bd3 35. Rf2 Kf6 36. a4 Kf5 37. Kb2 Bc4 38. Kc2 Ke4 39. b5 c5 40. Rf3 Rd3 41. Rf2 Ke3 42. Rf3+ Ke2 43. f5 Rxf3 44. gxf3 gxf5 0-1

[Event "Taujenai Mikenas Memorial 2nd"]
[Site "Taujenai"]
[Date "2014.08.08"]
[Round "6"]
[White "Zavanelli, Max E"]
[Black "Kraujunas, Vladas"]
[Result "1/2-1/2"]
[WhiteElo "1892"]
[BlackElo "1766"]
[PlyCount "94"]
[EventDate "2014.08.03"]
[EventType "swiss"]
[EventRounds "6"]
[EventCountry "LTU"]
[SourceTitle "CBM 161 Extra"]
[Source "ChessBase"]
[SourceDate "2014.08.29"]
[SourceVersion "1"]
[SourceVersionDate "2014.08.29"]
[SourceQuality "1"]

1. e4 c5 2. Nf3 e6 3. c3 d5 4. exd5 Qxd5 5. d4 Nc6 6. Na3 cxd4 7. Nb5 Qd8 8. Bf4 e5 9. Nxe5 Qe7 10. Qe2 d3 11. Nxd3 Qxe2+ 12. Bxe2 Kd8 13. 0-0-0 Bd7 14. Ne5 Nxe5 15. Bxe5 Kc8 16. Nd6+ Bxd6 17. Rxd6 Ne7 18. Rhd1 Be6 19. Bxg7 Rg8 20. Bf6 Nc6 21. Bf3 Kc7 22. b3 Rae8 23. h3 Rc8 24. Kb2 Rce8 25. Bh4 Kb6 26. a4 Rc8 27. Be4 Rce8 28. R1d2 a6 29. f4 Kc7 30. Bxh7 Rh8 31. Bg3 Rxh7 32. f5 Kc8 33. fxe6 fxe6 34. b4 e5 35. Re2 Rg7 36. Bh4 e4 37. Kc2 Reg8 38. g3 Re8 39. b5 Kc7 40. Rd5 axb5 41. axb5 Na7 42. c4 Rg6 43. g4 Nc8 44. Rd4 Rge6 45. g5 Kb6 46. Re3 Kc5 47. Kc3 Nb6 1/2-1/2

[Event "Taujenai Mikenas Memorial 2nd"]
[Site "Taujenai"]
[Date "2014.08.06"]
[Round "4"]
[White "Zavanelli, Max E"]
[Black "Andriulevicius, Kestutis"]
[Result "1-0"]
[WhiteElo "1892"]
[BlackElo "1595"]
[PlyCount "116"]
[EventDate "2014.08.03"]
[EventType "swiss"]
[EventRounds "6"]
[EventCountry "LTU"]
[SourceTitle "CBM 161 Extra"]
[Source "ChessBase"]
[SourceDate "2014.08.29"]
[SourceVersion "1"]
[SourceVersionDate "2014.08.29"]
[SourceQuality "1"]

1. e4 c5 2. Nf3 e6 3. c3 d5 4. exd5 Qxd5 5. d4 a6 6. Be3 Nd7 7. c4 Qd6 8. Nc3 Ngf6 9. Be2 Be7 10. Qd2 0-0 11. Bf4 Qc6 12. d5 exd5 13. cxd5 Qb6 14. d6 Bd8 15. 0-0 Qc6 16. Rad1 Ne4 17. Nxe4 Qxe4 18. Bd3 Qb4 19. Qxb4 cxb4 20. Rfe1 Nc5 21. d7 Bxd7 22. Bc4 Re8 23. Bd6 Rxe1+ 24. Rxe1 Bb6 25. Ng5 a5 26. Nxf7 Be6 27. Bxe6 Nxe6 28. Rxe6 Rc8 29. h3 Rc1+ 30. Kh2 Kxf7 31. Re7+ Kf6 32. Re2 Bc7 33. Bxc7 Rxc7 34. g4 Rc4 35. Kg3 a4 36. Kf3 b3 37. axb3 axb3 38. Re3 Rb4 39. Ke2 Kg5 40. Re5+ Kf6 41. Rc5 b5 42. Rf5+ Ke6 43. Kd3 g6 44. Rc5 Kd6 45. Rc8 Rf4 46. Ke3 Rf7 47. Rc3 g5 48. Rxb3 Kc5 49. Rc3+ Kb4 50. f3 Rf6 51. Ke4 Rf4+ 52. Ke5 Rc4 53. Re3 Rc2 54. Kf6 Rxb2 55. Kxg5 Rb3 56. Rxb3+ Kxb3 57. f4 Ka4 58. f5 b4 1-0

[Event "LTU-ch sf"]
[Site "Kaunas"]
[Date "2014.03.30"]
[Round "6"]
[White "Zavanelli, Max E"]
[Black "Butkus, Julius"]
[Result "1-0"]
[WhiteElo "1856"]
[BlackElo "1664"]
[PlyCount "123"]
[EventDate "2014.03.28"]
[EventType "swiss"]
[EventRounds "6"]
[EventCountry "LTU"]
[SourceTitle "EXT 2016"]
[Source "ChessBase"]
[SourceDate "2015.10.08"]
[SourceVersion "1"]
[SourceVersionDate "2015.10.08"]
[SourceQuality "1"]

1. e4 c5 2. Nf3 d6 3. c3 Nf6 4. Be2 g6 5. 0-0 Bg7 6. Qc2 0-0 7. d4 Bg4 8. dxc5 dxc5 9. Be3 Qc7 10. Nbd2 Nbd7 11. h3 Bxf3 12. Bxf3 Rad8 13. Be2 a6 14. a4 Qc6 15. f4 e5 16. f5 Ne8 17. g4 Nd6 18. g5 f6 19. a5 fxg5 20. fxg6 Rxf1+ 21. Rxf1 h6 22. Qb3+ Kh8 23. Qe6 Nf8 24. Qg4 Nxg6 25. Bxg5 hxg5 26. Qh5+ Kg8 27. Qxg6 Qe8 28. Qxg5 Rd7 29. Bh5 Nf7 30. Qg4 Qd8 31. Nc4 Nh6 32. Qg6 Re7 33. Nd6 Qd7 34. Nf5 Nxf5 35. exf5 Qd3 36. f6 Qxg6+ 37. Bxg6 Re6 38. f7+ Kf8 39. Be4 b6 40. Bd5 Rd6 41. c4 b5 42. b3 b4 43. Rf3 Rf6 44. Kf2 Rg6 45. Ke3 Ke7 46. Ke4 Rh6 47. Rg3 Kf8 48. Kf5 Rf6+ 49. Kg5 Rd6 50. h4 Rf6 51. h5 Rh6 52. Rf3 Rd6 53. Kf5 Rh6 54. Kg4 Rd6 55. Rf5 Rh6 56. Rg5 Rd6 57. Rg6 Rf6 58. Rxf6 Bxf6 59. h6 Bh8 60. Kf5 Ke7 61. Kg6 Bf6 62. f8Q+ 1-0

[Event "Baltic Amateur op"]
[Site "Vilnius"]
[Date "2014.03.11"]
[Round "5"]
[White "Zavanelli, Max E"]
[Black "Gucaga, Augustas"]
[Result "1/2-1/2"]
[WhiteElo "1856"]
[BlackElo "1570"]
[PlyCount "93"]
[EventDate "2014.03.09"]
[EventType "swiss"]
[EventRounds "5"]
[EventCountry "LTU"]
[SourceTitle "CBM 159 Extra"]
[Source "ChessBase"]
[SourceDate "2014.04.24"]
[SourceVersion "1"]
[SourceVersionDate "2014.04.24"]
[SourceQuality "1"]

1. e4 c5 2. Nf3 d6 3. c3 Nf6 4. Be2 g6 5. 0-0 Bg7 6. Qc2 0-0 7. d4 cxd4 8. cxd4 Nc6 9. Nc3 Bd7 10. Be3 a6 11. Rfd1 b5 12. a3 Rc8 13. Qd2 Na5 14. Rab1 Nc4 15. Bxc4 Rxc4 16. h3 Qa8 17. e5 Nd5 18. exd6 exd6 19. Nxd5 Qxd5 20. b3 Rc6 21. Ne1 Rfc8 22. Nd3 Rc2 23. Nb4 Rxd2 24. Nxd5 Rxd1+ 25. Rxd1 Rc2 26. Bf4 Rb2 27. Bxd6 Rxb3 28. Nb6 Bf5 29. Nd5 Rb1 30. Ne7+ Kh8 31. Rxb1 Bxb1 32. d5 Bf6 33. Bc5 Bxe7 34. Bxe7 Kg7 35. f3 f6 36. Kf2 Ba2 37. d6 Be6 38. Ke3 a5 39. Kd4 Kf7 40. Bd8 a4 41. Ba5 Bd7 42. Kc5 Ke6 43. Bb4 f5 44. Kb6 Be8 45. Kc7 Bd7 46. f4 h5 47. Bc5 1/2-1/2

[Event "Baltic Amateur op"]
[Site "Vilnius"]
[Date "2014.03.10"]
[Round "4"]
[White "Lazaravicius, Aras Jonas"]
[Black "Zavanelli, Max E"]
[Result "0-1"]
[WhiteElo "1622"]
[BlackElo "1856"]
[PlyCount "80"]
[EventDate "2014.03.09"]
[EventType "swiss"]
[EventRounds "5"]
[EventCountry "LTU"]
[SourceTitle "CBM 159 Extra"]
[Source "ChessBase"]
[SourceDate "2014.04.24"]
[SourceVersion "1"]
[SourceVersionDate "2014.04.24"]
[SourceQuality "1"]

1. d4 Nc6 2. c4 e5 3. d5 Bb4+ 4. Bd2 Bxd2+ 5. Qxd2 Nce7 6. e4 d6 7. Nf3 f5 8. Nc3 Nf6 9. Bd3 0-0 10. 0-0 f4 11. b4 Bg4 12. Be2 Qe8 13. h3 Bd7 14. c5 Qg6 15. Kh1 Qh6 16. Ng1 g5 17. f3 Nh5 18. Kh2 Rf6 19. cxd6 cxd6 20. Bb5 Rd8 21. Bxd7 Rxd7 22. Nge2 Rg6 23. Kg1 Ng3 24. Nxg3 fxg3 25. Ne2 Qh4 26. Qe1 g4 27. Qxg3 Qxg3 28. Nxg3 gxh3 29. Kh2 hxg2 30. Kxg2 Nxd5 31. exd5 Rdg7 32. Kf2 Rxg3 33. Ke3 h6 34. Rh1 Kh7 35. Rac1 Rf7 36. Rhf1 h5 37. Ke4 Kg6 38. Rg1 Rfxf3 39. Rxg3+ Rxg3 40. Rc7 Rg4+ 0-1

[Event "Baltic Amateur op"]
[Site "Vilnius"]
[Date "2014.03.09"]
[Round "1"]
[White "Zavanelli, Max E"]
[Black "Mironenko, Leonid"]
[Result "1-0"]
[WhiteElo "1856"]
[BlackElo "1301"]
[PlyCount "51"]
[EventDate "2014.03.09"]
[EventType "swiss"]
[EventRounds "5"]
[EventCountry "LTU"]
[SourceTitle "CBM 159 Extra"]
[Source "ChessBase"]
[SourceDate "2014.04.24"]
[SourceVersion "1"]
[SourceVersionDate "2014.04.24"]
[SourceQuality "1"]

1. e4 c5 2. Nf3 d6 3. c3 Nf6 4. Be2 e6 5. 0-0 Be7 6. Re1 Nc6 7. Bf1 0-0 8. d4 cxd4 9. cxd4 Qc7 10. Nc3 a6 11. Bf4 e5 12. Bg3 Bg4 13. dxe5 Nxe5 14. Rc1 Qd8 15. Be2 Nxf3+ 16. Bxf3 Bxf3 17. Qxf3 Ne8 18. Nd5 Bf6 19. Nxf6+ Qxf6 20. Qxf6 Nxf6 21. Bxd6 Rfc8 22. f3 Ne8 23. Bf4 f6 24. Red1 Rxc1 25. Rxc1 b5 26. h4 1-0

[Event "Vilnius Classic Z1"]
[Site "Vilnius"]
[Date "2013.01.07"]
[Round "3.2"]
[White "Vaitkevicius, Paulius"]
[Black "Zavanelli, Max E"]
[Result "0-1"]
[WhiteElo "1746"]
[BlackElo "1772"]
[PlyCount "92"]
[EventDate "2013.01.05"]
[EventType "tourn"]
[EventRounds "5"]
[EventCountry "LTU"]
[SourceTitle "EXT 2024"]
[Source "ChessBase"]
[SourceDate "2023.10.10"]
[SourceVersion "1"]
[SourceVersionDate "2023.10.10"]
[SourceQuality "1"]

1. e4 Nc6 2. d4 e5 3. d5 Nce7 4. Bd3 Ng6 5. Ne2 Bc5 6. 0-0 Nf6 7. a3 d6 8. b4 Bb6 9. c4 0-0 10. Qc2 a6 11. Nd2 Nh5 12. c5 Ba7 13. Nb3 Bg4 14. f3 Bd7 15. Be3 Qh4 16. Bf2 Qg5 17. Qd2 Nhf4 18. Nxf4 exf4 19. Kh1 Ne5 20. Rfc1 f5 21. Bd4 Rf6 22. Bxe5 dxe5 23. exf5 Rh6 24. g4 Rd8 25. Qc2 Qh4 26. Qg2 Bc6 27. Be4 Bxd5 28. g5 Rh5 29. Bxd5+ Rxd5 30. g6 hxg6 31. fxg6 e4 32. fxe4 f3 33. Qc2 f2 34. Kg2 Rdg5+ 35. Kf1 Rg1+ 36. Ke2 Qg4+ 37. Ke3 Rh3+ 38. Kd4 Qd7+ 39. Kc4 b5+ 40. cxb6 Qb5+ 41. Kd4 Bxb6+ 42. Nc5 f1Q 43. Rxf1 Rxf1 44. Qa2+ Kh8 45. Qg2 Qd3+ 46. Ke5 Qd6# 0-1

[Event "Winterthur op-B 12th"]
[Site "Winterthur"]
[Date "2012.10.09"]
[Round "4"]
[White "Leuenberger, Urs"]
[Black "Zavanelli, Max E"]
[Result "1-0"]
[WhiteElo "2018"]
[BlackElo "1900"]
[PlyCount "65"]
[EventDate "2012.10.06"]
[EventType "swiss"]
[EventRounds "9"]
[EventCountry "SUI"]
[SourceTitle "EXT 2015"]
[Source "ChessBase"]
[SourceDate "2014.11.20"]
[SourceVersion "1"]
[SourceVersionDate "2014.11.20"]
[SourceQuality "1"]

1. e4 Nc6 2. d4 e5 3. d5 Nce7 4. f4 exf4 5. Bxf4 Ng6 6. Bg3 Bc5 7. Nf3 Nf6 8. Bd3 Qe7 9. Qe2 0-0 10. Nc3 d6 11. 0-0-0 Bg4 12. h3 Nh5 13. Bh2 Bd7 14. Qd2 f5 15. Rde1 f4 16. Kb1 Rae8 17. Rhf1 Bb4 18. a3 Bc5 19. Nd1 Ne5 20. Nxe5 Qxe5 21. Rf3 g5 22. Bg1 Nf6 23. Bxc5 dxc5 24. Rff1 b5 25. c4 Qd4 26. Qc3 bxc4 27. Bc2 Re5 28. Rf2 Nxd5 29. Qa5 c3 30. Rfe2 Rb8 31. exd5 Rxe2 32. Rxe2 Bf5 33. Nxc3 1-0

[Event "Panevezys op 25th"]
[Site "Panevezys"]
[Date "2012.08.13"]
[Round "1"]
[White "Zavanelli, Max E"]
[Black "Cekanauskas, Justas"]
[Result "1-0"]
[WhiteElo "2483"]
[BlackElo "1732"]
[PlyCount "43"]
[EventDate "2012.08.13"]
[EventType "swiss"]
[EventRounds "9"]
[EventCountry "LTU"]
[SourceTitle "CBM 149 Extra"]
[Source "ChessBase"]
[SourceDate "2012.08.24"]
[SourceVersion "1"]
[SourceVersionDate "2012.08.24"]
[SourceQuality "1"]

1. e4 c5 2. Nf3 d6 3. c3 Nf6 4. Be2 Nxe4 5. Qa4+ Nc6 6. Qxe4 g6 7. 0-0 Bf5 8. Qh4 Qa5 9. d4 Bxb1 10. Rxb1 Qxa2 11. Be3 cxd4 12. Nxd4 Bg7 13. Bb5 Bxd4 14. Bxd4 f6 15. Rbe1 Kd7 16. Rxe7+ Kxe7 17. Qxf6+ Kd7 18. Qg7+ Ke6 19. Re1+ Ne5 20. Bd7+ Kd5 21. Rxe5+ dxe5 22. Qxe5+ 1-0

[Event "Plunge op 29th"]
[Site "Plunge"]
[Date "2009.07.18"]
[Round "6"]
[White "Velioniskis, Robertas"]
[Black "Zavanelli, Max E"]
[Result "1/2-1/2"]
[WhiteElo "1873"]
[BlackElo "2483"]
[PlyCount "80"]
[EventDate "2009.07.15"]
[EventType "swiss"]
[EventRounds "7"]
[EventCountry "LTU"]
[SourceTitle "EXT 2012"]
[Source "ChessBase"]
[SourceDate "2011.11.24"]
[SourceVersion "1"]
[SourceVersionDate "2011.11.24"]
[SourceQuality "1"]

1. Nf3 Nc6 2. d4 d6 3. c4 Nf6 4. Nc3 Bf5 5. e3 g6 6. h3 Bg7 7. Be2 e5 8. d5 Ne7 9. g4 Bd7 10. e4 0-0 11. Be3 c6 12. Nd2 Ne8 13. h4 f5 14. gxf5 gxf5 15. f3 f4 16. Bf2 h5 17. Qb3 cxd5 18. exd5 b6 19. Bd3 Nf5 20. 0-0-0 Kh8 21. Rdg1 Bh6 22. Nde4 Ng3 23. Rh2 Qe7 24. Kb1 Rg8 25. Nxg3 fxg3 26. Rxg3 Nf6 27. Rhg2 Rxg3 28. Rxg3 Bf4 29. Rg1 Rg8 30. Qd1 Rg7 31. Ne2 Bh6 32. Rg6 Rxg6 33. Bxg6 Qg7 34. Qd3 Bh3 35. Ng3 Bf4 36. Nxh5 Nxh5 37. Bxh5 Qg2 38. Be3 Bf5 39. Qxf5 Qf1+ 40. Kc2 Qxc4+ 1/2-1/2

[Event "Plunge op 29th"]
[Site "Plunge"]
[Date "2009.07.15"]
[Round "1"]
[White "Zavanelli, Max E"]
[Black "Jonkus, Lukas"]
[Result "1-0"]
[WhiteElo "2483"]
[BlackElo "1858"]
[PlyCount "73"]
[EventDate "2009.07.15"]
[EventType "swiss"]
[EventRounds "7"]
[EventCountry "LTU"]
[SourceTitle "EXT 2012"]
[Source "ChessBase"]
[SourceDate "2011.11.24"]
[SourceVersion "1"]
[SourceVersionDate "2011.11.24"]
[SourceQuality "1"]

1. e4 e6 2. d4 d5 3. Nc3 Bb4 4. e5 c5 5. Nf3 Nc6 6. dxc5 Bxc5 7. Bd3 Nge7 8. 0-0 Ng6 9. Re1 0-0 10. a3 a5 11. Qe2 Nd4 12. Nxd4 Bxd4 13. Nb5 Bc5 14. Qh5 Bd7 15. Be3 Bxe3 16. Rxe3 Bxb5 17. Bxb5 f5 18. Rh3 Kf7 19. Bd3 Rh8 20. Re1 Ke7 21. g4 f4 22. Rf3 Kd7 23. Bxg6 hxg6 24. Qxg6 Qh4 25. Qxg7+ Qe7 26. Qxe7+ Kxe7 27. Rxf4 Rac8 28. c3 b5 29. Kg2 Rh4 30. h3 Rch8 31. Rh1 R4h7 32. Kg3 Rh4 33. a4 R4h7 34. axb5 Rb8 35. c4 dxc4 36. Rxc4 Rb7 37. Rhc1 1-0

[Event "BFCC-40 email"]
[Site "England"]
[Date "2002.05.31"]
[Round "?"]
[White "Knudsen, John C"]
[Black "Zavanelli, Max E"]
[Result "1/2-1/2"]
[WhiteElo "2480"]
[BlackElo "2430"]
[PlyCount "108"]
[EventDate "2002.05.31"]
[EventType "tourn (corr)"]
[EventRounds "14"]
[EventCountry "ENG"]
[EventCategory "8"]
[SourceTitle "Corr 2004"]
[Source "ChessBase"]
[SourceDate "2003.04.28"]
[SourceVersion "3"]
[SourceVersionDate "2003.04.28"]
[SourceQuality "1"]

1. d4 f5 2. c4 Nf6 3. Nf3 g6 4. g3 Bg7 5. Bg2 0-0 6. b4 d6 7. Bb2 c6 8. 0-0 Qe8 9. Nbd2 h6 10. Qc2 g5 11. a4 Qh5 12. e3 Nbd7 13. Qxf5 Ne5 14. Qc2 Nxf3+ 15. Bxf3 Bg4 16. Bg2 Be2 17. Rfe1 Ng4 18. Rxe2 Qxh2+ 19. Kf1 Qxg3 20. Ne4 Nxe3+ 21. Rxe3 Qxe3 22. Ra3 Qf4 23. Ng3 Qg4 24. Qe2 Qxe2+ 25. Kxe2 Rf7 26. Bh3 Kh7 27. Be6 Rf4 28. Nh5 Re4+ 29. Re3 Rxe3+ 30. fxe3 Bh8 31. Bg4 Kg6 32. Ng3 d5 33. Kd3 dxc4+ 34. Kxc4 Rf8 35. b5 Rf2 36. bxc6 bxc6 37. Bh5+ Kh7 38. Ba3 e5 39. Bc5 a5 40. Be2 Kg8 41. Kd3 Rg2 42. Nf5 e4+ 43. Kd2 h5 44. Ke1 h4 45. Kf1 Rh2 46. Be7 Rh1+ 47. Kg2 Ra1 48. Bc4+ Kh7 49. Be6 Rxa4 50. Bxg5 Ra1 51. Bxh4 a4 52. Kg3 c5 53. dxc5 Be5+ 54. Kg4 Rg1+ 1/2-1/2

[Event "BFCC-40 email"]
[Site "England"]
[Date "2002.05.31"]
[Round "?"]
[White "Zavanelli, Max E"]
[Black "Finnie, Douglas S"]
[Result "1/2-1/2"]
[WhiteElo "2430"]
[BlackElo "2533"]
[PlyCount "159"]
[EventDate "2002.05.31"]
[EventType "tourn (corr)"]
[EventRounds "14"]
[EventCountry "ENG"]
[EventCategory "8"]
[SourceTitle "Corr 2006"]
[Source "ChessBase"]
[SourceDate "2006.04.01"]
[SourceVersion "3"]
[SourceVersionDate "2006.04.01"]
[SourceQuality "1"]

1. e4 c5 2. Nf3 e6 3. c3 d5 4. exd5 exd5 5. d4 Nc6 6. Bb5 Bd6 7. dxc5 Bxc5 8. 0-0 Nge7 9. Nbd2 0-0 10. Nb3 Bd6 11. Bd3 h6 12. h3 Nf5 13. Bc2 Re8 14. Qd3 g6 15. Rd1 Be6 16. Qb5 Qc8 17. Re1 a6 18. Qd3 Qd8 19. g4 Nh4 20. Bxh6 Nxf3+ 21. Qxf3 Qh4 22. Be3 Ne5 23. Qg2 Nc4 24. Bc5 Bf4 25. Nd4 Qg5 26. Nf3 Qh6 27. b3 Nd6 28. Bd3 Rec8 29. Bd4 Nb5 30. Bxb5 axb5 31. Re2 Bd6 32. Rd1 Ra6 33. Be3 Qh8 34. Bd4 Qh6 35. b4 Rca8 36. Rdd2 Ra3 37. Ne5 Rc8 38. Nd3 Raxc3 39. Bxc3 Rxc3 40. Rd1 Ra3 41. Qf3 g5 42. Re3 d4 43. Re4 Bd7 44. Rxd4 Bc6 45. Rd5 Bc7 46. Rd2 Bf4 47. Rc2 Qe6 48. Rcc5 Kf8 49. Rd8+ Ke7 50. Rxc6 bxc6 51. Rd4 Kf8 52. Qd1 Bc7 53. Qc1 Qf6 54. Qxa3 Qxd4 55. Nc5 Kg7 56. Qe3 Qd1+ 57. Kg2 Qd5+ 58. Qf3 Qe5 59. a3 Qd6 60. Kf1 Qf6 61. Qd3 Bb6 62. Ne4 Qa1+ 63. Kg2 Qd4 64. Qxd4+ Bxd4 65. f4 Bb2 66. Nc5 Bxa3 67. Nd3 f6 68. Kf3 Kf7 69. Ke4 Ke6 70. Kd4 Kd6 71. Kc3 c5 72. Nxc5 gxf4 73. Ne4+ Ke5 74. Nd2 f3 75. Nxf3+ Kf4 76. Ng1 Ke3 77. h4 Bc1 78. h5 Bd2+ 79. Kb3 Ke4 80. Ne2 1/2-1/2